Essentials of environmental health / (Record no. 37419)
[ view plain ]
| 000 -LEADER | |
|---|---|
| fixed length control field | 01554nam a2200361 a 4500 |
| 001 - CONTROL NUMBER | |
| control field | 37419 |
| 003 - CONTROL NUMBER IDENTIFIER | |
| rucl marc code | BD-RjUL |
| 005 - DATE AND TIME OF LATEST TRANSACTION | |
| control field | 20211209052616.0 |
| 008 - FIXED-LENGTH DATA ELEMENTS--GENERAL INFORMATION | |
| fixed length control field | 150112s2012 mauab b 001 0 eng |
| 020 ## - INTERNATIONAL STANDARD BOOK NUMBER | |
| International Standard Book Number | 9780763778903 (pbk.) |
| International Standard Book Number | 0763778907 (pbk.) |
| 035 ## - SYSTEM CONTROL NUMBER | |
| System control number | (OCoLC)ocn645598366 |
| -- | (BD-RjUL)37523 |
| 040 ## - CATALOGING SOURCE | |
| Original cataloging agency | DNLM/DLC |
| Transcribing agency | DLC |
| Modifying agency | YDX |
| -- | NLM |
| -- | YDXCP |
| -- | CDX |
| -- | DLC |
| -- | BD-RjUL |
| Language of cataloging | eng |
| 041 ## - LANGUAGE CODE | |
| Language code of text/sound track or separate title | eng |
| 060 00 - NATIONAL LIBRARY OF MEDICINE CALL NUMBER | |
| Classification number | 2011 B-341 |
| Classification number | WA 30.5 |
| 082 00 - DEWEY DECIMAL CLASSIFICATION NUMBER | |
| Classification number | 616.98 |
| Edition number | 22 |
| Author mark and year | FRE 2012 |
| 100 1# - MAIN ENTRY--PERSONAL NAME | |
| Personal name | Friis, Robert H. |
| 9 (RLIN) | 114857 |
| 245 10 - TITLE STATEMENT | |
| Title | Essentials of environmental health / |
| Statement of responsibility, etc. | Robert H. Friis. |
| 250 ## - EDITION STATEMENT | |
| Edition statement | 2nd ed. |
| 260 ## - PUBLICATION, DISTRIBUTION, ETC. (IMPRINT) | |
| Place of publication, distribution, etc. | Sudbury, MA : |
| Name of publisher, distributor, etc. | Jones & Bartlett Learning, |
| Date of publication, distribution, etc. | c2012. |
| 300 ## - PHYSICAL DESCRIPTION | |
| Pagination | xxvi, 442 p. : |
| Illustrations | ill., maps ; |
| Size | 28 cm. |
| 490 1# - SERIES STATEMENT | |
| Series statement | Essential public health |
| 504 ## - BIBLIOGRAPHY, ETC. NOTE | |
| Bibliography, etc | Includes bibliographical references and index. |
| 505 0# - FORMATTED CONTENTS NOTE | |
| Formatted contents note | The environment at risk -- Environmental epidemiology -- Environmental toxicology -- Environmental policy and regulation -- Zoonotic and vector-borne diseases -- Toxic metals and elements -- Pesticides and other organic chemicals -- Ionizing and nonionizing radiation -- Water quality -- Air quality -- Food safety -- Solid and liquid wastes -- Occupational health -- Injuries with a focus on unintentional injuries and death. |
| 650 #0 - SUBJECT ADDED ENTRY--TOPICAL TERM | |
| Topical term or geographic name as entry element | Environmental health. |
| 9 (RLIN) | 114858 |
| Topical term or geographic name as entry element | Environmental Health. |
| 9 (RLIN) | 114859 |
| Topical term or geographic name as entry element | Environmental Pollution. |
| 9 (RLIN) | 114860 |
| 830 #0 - SERIES ADDED ENTRY--UNIFORM TITLE | |
| Uniform title | Essential public health. |
| 942 ## - ADDED ENTRY ELEMENTS (KOHA) | |
| Source of classification or shelving scheme | Dewey Decimal Classification |
| Koha item type | Books |
| Lost status | Source of classification or shelving scheme | Damaged status | Not for loan | Collection code | Permanent Location | Current Location | Shelving location | Date acquired | Source of acquisition | Total Checkouts | Full call number | Date last seen | Copy number | Koha item type |
|---|---|---|---|---|---|---|---|---|---|---|---|---|---|---|
| Dewey Decimal Classification | Not For Loan | Non-fiction | Institute of Biological Sciences (IBSc) Library | Institute of Biological Sciences (IBSc) Library | 12/01/2015 | HEQEP | 616.98 FRE 2012 | 12/01/2015 | C-1 | Books |